000 01322nam a22003617a 4500
003 CHAP
005 20220817042049.0
008 971013s1969 r 00010 d
010 _a33438
011 _a34410
035 _a38526
040 _cCHAP
082 _a636.085
_bM39 1969
100 0 0 _aMaynard, Leonard Amley.
_973249
245 _aAnimal nutrition
250 _a6 ed.
260 _aNew York :
_bMcGraw-Hill,
_c1969
300 _a613 p.
_b: ilus
590 _aBATCH-UPD
_b10
_c20130110
_lUCH01
_h1547
590 _aBATCH-UPD
_b10
_c20130410
_lUCH01
_h0946
590 _aBATCH-UPD
_b10
_c20130914
_lUCH01
_h1734
590 _aCONVERSION
_b10
_c20130109
_lUCH01
_h1319
650 1 4 _aAlimentos y alimentacion del ganado.
_94326
650 1 4 _aNutrición animal.
700 0 _aLoosli, John K.
_968490
901 _aBK
942 _cLIBRO
949 _a636.085 M39 1969
_bBC
_cLIBRO
_d33724000267001
_eLIBRO
_fc.4
_h16446
_i38526
_si
_t190.00
949 _a636.085 M39 1969
_bBC
_cLIBRO
_d33724000267118
_eLIBRO
_fc.3
_h16445
_i38526
_si
_t190.00
949 _a636.085 M39 1969
_bBC
_cLIBRO
_d33724000687976
_eLIBRO
_h16443
_i38526
_si
_t190.00
949 _a636.085 M39 1969
_bBC
_cLIBRO
_d33724000687984
_eLIBRO
_fc.2
_h16444
_i38526
_si
_t190.00
949 _a636.085 M39 1969
_bBC
_cLIBRO
_d33724002203199
_eLIBRO
_fc.5
_h37879
_i38526
_si
_t190.00
999 _c33438
_d33438